Country Logic Puzzle 4x4 #2 – Spell Mali - Statistics

General Stats
  • This quiz has been taken 4,181 times
  • The average score is 14 of 16
Answer Stats
Answer % Correct
Myanmar
94%
Albania
92%
Laos
92%
Malta
92%
India
91%
Andorra
89%
Indonesia
88%
Ireland
88%
Italy
88%
Liechtenstein
88%
Luxembourg
88%
Monaco
88%
Armenia
87%
Azerbaijan
87%
Lebanon
86%
Mongolia
86%
No matching quizzes found
Score Distribution
Percent of People with Each Score
Percentile by Number Answered
Your Score History
You have not taken this quiz